Economic growth in Britain and France, 1780-1914 two paths to the twentieth century /

Bibliographic Details
Main Author: O'Brien, Patrick Karl.
Corporate Author: ProQuest (Firm)
Other Authors: Keyder, Caglar.
Format: Electronic eBook
Language:English
Published: London ; Boston : G. Allen & Unwin, 2011.
Series:Routledge revivals
Subjects:
Online Access:Click to View
LEADER 01471nam a2200385Ia 4500
001 EBC1075367
003 MiAaPQ
005 20200520144314.0
006 m o d |
007 cr cn|||||||||
008 830109s2011 enka sb 001 0 eng d
020 |z 9780203802816 
020 |z 9780415682343 
035 |a (MiAaPQ)EBC1075367 
035 |a (Au-PeEL)EBL1075367 
035 |a (CaPaEBR)ebr10629062 
035 |a (CaONFJC)MIL415433 
035 |a (OCoLC)821176383 
040 |a MiAaPQ  |c MiAaPQ  |d MiAaPQ 
050 4 |a HC255  |b .O27 2011 
100 1 |a O'Brien, Patrick Karl. 
245 1 0 |a Economic growth in Britain and France, 1780-1914  |h [electronic resource] :  |b two paths to the twentieth century /  |c Patrick O'Brien and Caglar Keyder. 
260 |a London ;  |a Boston :  |b G. Allen & Unwin,  |c 2011. 
300 |a 205 p. :  |b ill. 
490 0 |a Routledge revivals 
504 |a Includes bibliographical references and index. 
533 |a Electronic reproduction. Ann Arbor, MI : ProQuest, 2015. Available via World Wide Web. Access may be limited to ProQuest affiliated libraries. 
651 0 |a Great Britain  |x History  |y 19th century. 
651 0 |a France  |x History. 
651 0 |a Great Britain  |x Economic conditions  |y 19th century. 
651 0 |a France  |x Economic conditions. 
655 4 |a Electronic books. 
700 1 |a Keyder, Caglar. 
710 2 |a ProQuest (Firm) 
856 4 0 |u https://ebookcentral.proquest.com/lib/matrademy/detail.action?docID=1075367  |z Click to View